000 00278nam a2200097Ia 4500
001 694134
005 20250826161927.0
008 250824s9999 xx 000 0 und d
245 0 _aKorku Kültürü Niçin Mış Gibi Yaşıyoruz?
_cDOĞAN CÜCELOĞLU
260 _bREMZİ KİTABEVİ
999 _c694134
_d694134